000 00524nam a2200181Ia 4500
003 GCL
008 140319s9999 xx 000 0 ara d
040 _aGCL /
_cGCL
082 0 4 _a370.1
_bم م
100 1 _aمحمد عطية الابراشى
245 1 0 _aالاتجاهات الحديثة فى التربية /
_cمحمد عطية الابراشى
300 _a381 ص
490 _aكتاب
_v0
650 0 4 _aالتربية
650 0 4 _aالتخطيط التربوى
650 0 4 _aالتدريس
942 _2ddc
_cBK
999 _c41976
_d41976